<?xml version="1.0" encoding="UTF-8"?><?xml-stylesheet type="text/xsl" href="static/style.xsl"?><OAI-PMH xmlns="http://www.openarchives.org/OAI/2.0/" xmlns:xsi="http://www.w3.org/2001/XMLSchema-instance" xsi:schemaLocation="http://www.openarchives.org/OAI/2.0/ http://www.openarchives.org/OAI/2.0/OAI-PMH.xsd"><responseDate>2026-06-01T19:56:56Z</responseDate><request verb="GetRecord" identifier="oai:riuma.uma.es:10630/24791" metadataPrefix="marc">https://riuma.uma.es/rest/oai/request</request><GetRecord><record><header><identifier>oai:riuma.uma.es:10630/24791</identifier><datestamp>2026-02-03T11:49:59Z</datestamp><setSpec>com_10630_2254</setSpec><setSpec>col_10630_37959</setSpec></header><metadata><record xmlns="http://www.loc.gov/MARC21/slim" xmlns:dcterms="http://purl.org/dc/terms/" xmlns:doc="http://www.lyncode.com/xoai" xmlns:xsi="http://www.w3.org/2001/XMLSchema-instance" xsi:schemaLocation="http://www.loc.gov/MARC21/slim http://www.loc.gov/standards/marcxml/schema/MARC21slim.xsd">
   <leader>00925njm 22002777a 4500</leader>
   <datafield ind2=" " ind1=" " tag="042">
      <subfield code="a">dc</subfield>
   </datafield>
   <datafield ind2=" " ind1=" " tag="720">
      <subfield code="a">Torres-Olea, Benjamín</subfield>
      <subfield code="e">author</subfield>
   </datafield>
   <datafield ind2=" " ind1=" " tag="720">
      <subfield code="a">Alcalá-García, María José</subfield>
      <subfield code="e">author</subfield>
   </datafield>
   <datafield ind2=" " ind1=" " tag="720">
      <subfield code="a">García-Sancho, Cristina</subfield>
      <subfield code="e">author</subfield>
   </datafield>
   <datafield ind2=" " ind1=" " tag="720">
      <subfield code="a">Cecilia-Buenestado, Juan Antonio</subfield>
      <subfield code="e">author</subfield>
   </datafield>
   <datafield ind2=" " ind1=" " tag="720">
      <subfield code="a">Moreno-Tost, Ramón</subfield>
      <subfield code="e">author</subfield>
   </datafield>
   <datafield ind2=" " ind1=" " tag="720">
      <subfield code="a">Maireles-Torres, Pedro Jesús</subfield>
      <subfield code="e">author</subfield>
   </datafield>
   <datafield ind2=" " ind1=" " tag="260">
      <subfield code="c">2022</subfield>
   </datafield>
   <datafield ind2=" " ind1=" " tag="520">
      <subfield code="a">El problema del calentamiento global, fuentes de recursos fósiles limitadas y amenazas de desabastecimiento empujan al desarrollo de nuevos métodos de obtención de recursos procedentes de fuentes renovables, tales como la biomasa. La biomasa procedente de las algas presenta diferentes carbohidratos en su composición que pueden transformarse, mediante&#xd;
deshidratación en presencia de catalizadores, en 5-hidroximetilfurfural (HMF), una molécula plataforma muy estudiada por su potencial en el campo de los materiales poliméricos y biocombustibles.&#xd;
En este trabajo, se exponen los resultados obtenidos con nanopartículas de sílice y aluminio mesoporosas, que muestran prometedores rendimientos de HMF desde galactosa, un monosacárido abundante en muchas algas. &#xd;
Las nanopartículas con diferente relación Si/Al poseen un diámetro entre 300 y 100 nm. Su estructura porosa facilita la difusión de los reactivos y productos en el proceso de deshidratación, con un núcleo de silicio y una corteza de aluminio, tal y como puede apreciarse en las imágenes de EDX.&#xd;
Los datos texturales revelan que la mayor parte del área superficial de las nanoesferas corresponde a mesoporos, lo que minimiza las limitaciones difusionales en el proceso catalítico. La menor área superficial se obtiene con el catalizador con menor relación Si/Al.&#xd;
Los análisis muestran que estos materiales son activos en el proceso de deshidratación de galactosa y se puede alcanzar un 40% de rendimiento en HMF. Más elevadas concentraciones de aluminio en el material proporcionaron una mayor actividad en la conversión de galactosa y rendimiento en HMF a tiempos cortos, pero los resultados para los diferentes catalizadores tienden a igualarse a tiempos más largos. Tras 7 horas de reacción, se consume casi la totalidad de la galactosa inicialmente presente y el balance de carbono se reduce a valores entre 60 y 40% del inicial debido a la formación de polímeros solubles e insolubles en el medio de reacción.</subfield>
   </datafield>
   <datafield ind1="8" ind2=" " tag="024">
      <subfield code="a">https://hdl.handle.net/10630/24791</subfield>
   </datafield>
   <datafield tag="653" ind2=" " ind1=" ">
      <subfield code="a">Biomasa - Combustibles - Congresos</subfield>
   </datafield>
   <datafield tag="653" ind2=" " ind1=" ">
      <subfield code="a">Algas - Combustibles - Congresos</subfield>
   </datafield>
   <datafield ind2="0" ind1="0" tag="245">
      <subfield code="a">Nanopartículas de óxido de silicio y aluminio para la producción de 5-hidroximetilfurfural desde galactosa</subfield>
   </datafield>
</record>
</metadata></record></GetRecord></OAI-PMH>